महान शिक्षाशास्त्री / (Record no. 52253)

MARC details
000 -LEADER
fixed length control field 01554nam a22003017a 4500
005 - DATE AND TIME OF LATEST TRANSACTION
control field 20080918163843.0
008 - FIXED-LENGTH DATA ELEMENTS--GENERAL INFORMATION
fixed length control field 080918t xxu||||| |||| 00| 0 hin d
010 ## - LCCN (DPL NO)
LC control number HIN-92639
020 ## - INTERNATIONAL STANDARD BOOK NUMBER
International Standard Book Number 818910293x
Terms of availability 700.00
035 ## - SYSTEM CONTROL NUMBER
System control number HN-64985
037 ## - SOURCE OF ACQUISITION
Source of stock number/acquisition DBAD / PUB
040 ## - CATALOGING SOURCE
Original cataloging agency DPL
Language of cataloging HN
082 ## - DEWEY DECIMAL CLASSIFICATION NUMBER
Classification number 920
100 ## - MAIN ENTRY--PERSONAL NAME
9 (RLIN) 747
Personal name गुप्ता, राहुल
245 ## - TITLE STATEMENT
Title महान शिक्षाशास्त्री /
Statement of responsibility, etc राहुल गुप्ता
260 ## - PUBLICATION, DISTRIBUTION, ETC. (IMPRINT)
Place of publication, distribution, etc दिल्ली
Name of publisher, distributor, etc प्रेरणा प्रकाशन
Date of publication, distribution, etc 2011
270 ## - ADDRESS
Address सी-13, प्लॉट नम्बर 2, डी-5, रोज़ अपार्टमेंट, सैक्टर-14 एक्सटेंशन, रोहिणी
City दिल्ली
Postal code 110085
Telephone number (ऑफिस) 65749511 (निवास) 27562163
Fax number 011- 23240261
Electronic mail address lakshaythani@hotmail.com
300 ## - PHYSICAL DESCRIPTION
Extent 272पृ.
Dimensions 22सेमी (सजिल्द)
650 ## - SUBJECT ADDED ENTRY--TOPICAL TERM
9 (RLIN) 697
650 ## - SUBJECT ADDED ENTRY--TOPICAL TERM
9 (RLIN) 698
700 ## - ADDED ENTRY--PERSONAL NAME
9 (RLIN) 27881
700 ## - ADDED ENTRY--PERSONAL NAME
9 (RLIN) 27882
700 ## - ADDED ENTRY--PERSONAL NAME
9 (RLIN) 27883
942 ## - ADDED ENTRY ELEMENTS (KOHA)
Source of classification or shelving scheme Dewey Decimal Classification
Item type Hindi Books
Call number suffix गुप्तारा
Classification part 920
Holdings
Withdrawn status Lost status Source of classification or shelving scheme Damaged status Not for loan Collection code Home library Current library Date acquired Source of acquisition Cost, normal purchase price Total Checkouts Full call number Barcode Date last seen Copy number Cost, replacement price Koha item type
    Dewey Decimal Classification   Not For Loan Non-fiction D.B.Act.Division D.B.Act.Division 10/05/2011 DBAD /PUB 700.00   920 गुप्तारा HN-64985 10/05/2011 1 700.00 Hindi Books

© Delhi Public Library
Hit Counter
free hit counter